[Event "Hillerod CC-ch Grp 2"]
[Site "Hillerod"]
[Date "2019.12.10"]
[Round "1"]
[White "Damm, Henrik"]
[Black "Gulbrandsen, Mats Lundh"]
[Result "1-0"]
[WhiteElo "1556"]
[BlackElo "1614"]
[PlyCount "95"]
[EventDate "2019.12.10"]
[EventType "swiss"]
[EventRounds "7"]
[EventCountry "DEN"]
[SourceTitle "EXT 2024"]
[Source "ChessBase"]
[SourceDate "2023.10.10"]
[SourceVersion "1"]
[SourceVersionDate "2023.10.10"]
[SourceQuality "1"]

1. e4 e6 2. Nf3 d5 3. exd5 exd5 4. d4 Nf6 5. Bd3 Be7 6. 0-0 Bg4 7. Be3 Nbd7 8. Nbd2 c6 9. c4 Qc7 10. Qc2 dxc4 11. Bxc4 0-0 12. a3 Nb6 13. Ba2 Nbd5 14. Bg5 Rad8 15. Rfe1 h6 16. Bh4 Be6 17. Rad1 Ng4 18. Bxe7 Qxe7 19. Bb1 Ngf6 20. Re5 Nf4 21. Rde1 Ng6 22. Rxe6 fxe6 23. Qxg6 Qe8 24. Qc2 Qf7 25. Ne5 Qh5 26. Ndf3 Rd6 27. Ng6 Rfd8 28. Nf4 Qg4 29. Ne2 Kf8 30. h3 Qh5 31. Ng3 Qd5 32. Re5 Qxe5 33. Nxe5 Rxd4 34. Qc5+ Kg8 35. Kh2 R4d5 36. Qe7 Rxe5 37. Bg6 Rd7 38. Qb4 Rb5 39. Qe1 e5 40. Qe2 Rbd5 41. Qc4 Kf8 42. Nf5 c5 43. Ne3 R5d6 44. Qxc5 b6 45. Qxe5 Rd2 46. Qb8+ Ke7 47. Nf5+ Ke6 48. Qf4 1-0

[Event "Copenhagen Bronshoj op"]
[Site "Copenhagen"]
[Date "2015.02.09"]
[Round "7"]
[White "Gulbrandsen, Mats Lundh"]
[Black "Andersen, Daniel"]
[Result "1/2-1/2"]
[WhiteElo "1618"]
[BlackElo "1930"]
[PlyCount "51"]
[EventDate "2015.02.06"]
[EventType "swiss"]
[EventRounds "7"]
[EventCountry "DEN"]
[SourceTitle "EXT 2016"]
[Source "ChessBase"]
[SourceDate "2015.10.08"]
[SourceVersion "1"]
[SourceVersionDate "2015.10.08"]
[SourceQuality "1"]

1. d4 Nf6 2. c4 g6 3. Nc3 d5 4. cxd5 Nxd5 5. e4 Nxc3 6. bxc3 Bg7 7. Nf3 0-0 8. Bf4 Bg4 9. h3 Bxf3 10. Qxf3 c5 11. e5 cxd4 12. Qxb7 Nd7 13. cxd4 Nb6 14. Rd1 Rc8 15. Qe4 Nd5 16. Bd2 Nc3 17. Bxc3 Rxc3 18. Be2 Ra3 19. 0-0 Rxa2 20. Ra1 Rxa1 21. Rxa1 Qc7 22. Bf3 a5 23. Qc6 Qxc6 24. Bxc6 Rd8 25. Ra4 e6 26. f4 1/2-1/2